إلتزام المؤجرصيانة المأجور /
Saved in:
| Main Author: | |
|---|---|
| Other Authors: | |
| Format: | Thesis |
| Language: | Arabic |
| Published: |
al-Qahirah :
Jami'at al-Duwal al-'Arabiyah ,
2005
|
| Subjects: | |
| Tags: |
Add Tag
No Tags, Be the first to tag this record!
|
| LEADER | 014750000a22003130004500 | ||
|---|---|---|---|
| 008 | 120518s2005 ua f m 000 0 ara d | ||
| 040 | |a UIAM |b eng | ||
| 041 | |a ara | ||
| 050 | 0 | 0 | |a KRM880.8 |
| 100 | 1 | |a قهيوي، محمد أشراف خالد |9 120708 | |
| 242 | 1 | |a Iltizam al-mu'ajjir bi-taslim wa siyanat al-ma'jur | |
| 245 | 1 | 0 | |a إلتزام المؤجرصيانة المأجور / |c مقدمة من الباحث، محمد أشرف خالد القهيوي |
| 260 | |a al-Qahirah : |b Jami'at al-Duwal al-'Arabiyah , |c 2005 | ||
| 300 | |a 368 leaves ; |c 30 cm. | ||
| 336 | |2 rdacontent | ||
| 337 | |2 rdamedia | ||
| 338 | |2 rdacarrier | ||
| 500 | |a "رسالة لنيل درجة الدكتوراه في القانون" --On t.p. | ||
| 502 | |a Thesis (Ph. D.)--Jami'at al-Duwal al-'Arabiyah, 2005. | ||
| 504 | |a Includes bibliographical references (leaves 349-363). | ||
| 650 | 0 | |a Rent |z Egypt |9 113563 | |
| 650 | 0 | |a Landlord and tenant |z Egypt |9 69576 | |
| 655 | |a Theses, Facsimile edition (Islamic) | ||
| 700 | 1 | |a Qahiwi, Muhammad Ashraf Khalid |9 120710 | |
| 900 | |a arf-ls | ||
| 942 | |2 lcc |n 0 | ||
| 999 | |c 434707 |d 465640 | ||
| 952 | |0 0 |6 TI D 000019 KRM 880.8 Q11I 2005 |7 0 |8 THESES |9 751772 |a IIUM |b IIUM |c MULTIMEDIA |g 364.50 |o ti d19 KRM 880.8 Q11I 2005 |p 00011203250 |r 2017-10-23 |t 1 |v 364.50 |y THESIS | ||
| 952 | |0 0 |6 TI D 000019 KRM 880.8 Q11I 2005 |7 0 |8 THESES |9 751773 |a IIUM |b IIUM |c MULTIMEDIA |g 364.50 |o ti d19 KRM 880.8 Q11I 2005 |p 00011203247 |r 2017-10-23 |t 2 |v 364.50 |y THESIS | ||
